000 00998nam0a22002651 4500
001 rc\939413
005 20041129095722.2
035 _a(NLR Aleph) 006112024
090 _a5369361
_c5369360
100 _a20041129d1982 u |0rusy50 ca
101 0 _arus
102 _aRU
105 _aa |||||||||
200 1 _aЗапоминающие устройства на плоских магнитных доменах
_e[Сб. статей
_fОтв. ред. д. т. н. Н.П. Васильева, к. т. н. Е.И. Ильяшенко]
210 _aМ.
_cИн-т пробл. упр.
_d1982
215 _a95 с.
_cил.
_d27
225 1 _aСборник трудов
_fИн-т пробл. упр.
_vВып. 30
300 _aНа обл. только загл. сер.
320 _aБиблиогр.: с. 94
702 1 _aВасильева
_bН. П.
_gНаталия Петровна
_4340
801 0 _aRU
_bNLR
_gpsbo
801 1 _aRU
_bELAR
_2rusmarc
852 _aNLR
_jП10/4534
942 _cBOOK
980 _aNB